| 000 | 00780nam a22002175i 4500 | ||
|---|---|---|---|
| 001 | 165749 | ||
| 003 | ES-MaACL | ||
| 005 | 20240524063009.0 | ||
| 008 | 050906s1877 fr | |||||||| ||fre d | ||
| 040 |
_aCAM _bspa _cCAM |
||
| 100 | 0 |
_aStendhal, _d1783-1842 _9108086 |
|
| 245 | 1 | 0 |
_aMémoires d'un touriste / _cpar De Stendhal (Henry Beyle). |
| 250 | _aNouvelle éd. revue et augm. d'une grande partie ent. inédite. | ||
| 260 |
_aParis : _bCalmann Lévy : _bAncienne Maison Michel Lévy, _c1877 ( _eLagny : _fF. Aureau) |
||
| 300 |
_a362, 372 p. ; _c19 cm. |
||
| 490 | 1 | _aOeuvres complètes de Stendhal | |
| 597 | _a2 t. en 1 v. | ||
| 830 | 0 |
_aOeuvres complètes de Stendhal _9188568 |
|
| 852 |
_aES-MaACL _jB-3210 _z-- Enc. hol. |
||
| 999 |
_c165749 _d165749 |
||